header

Freedom from violence and lies : (Record no. 120971)

MARC details
000 -LEADER
fixed length control field 02339nam a2200517 i 4500
001 - CONTROL NUMBER
control field ebr10761669
003 - CONTROL NUMBER IDENTIFIER
control field CaPaEBR
006 - FIXED-LENGTH DATA ELEMENTS--ADDITIONAL MATERIAL CHARACTERISTICS--GENERAL INFORMATION
fixed length control field m o d
007 - PHYSICAL DESCRIPTION FIXED FIELD--GENERAL INFORMATION
fixed length control field cr cn|||||||||
008 - FIXED-LENGTH DATA ELEMENTS--GENERAL INFORMATION
fixed length control field 131008s2013 mauao o 001 0 eng d
020 ## - INTERNATIONAL STANDARD BOOK NUMBER
Cancelled/invalid ISBN 9781618111586
International Standard Book Number 9781618111807 (e-book)
040 ## - CATALOGING SOURCE
Original cataloging agency CaPaEBR
Language of cataloging eng
Description conventions rda
-- pn
Transcribing agency CaPaEBR
035 ## - SYSTEM CONTROL NUMBER
System control number (OCoLC)859800996
043 ## - GEOGRAPHIC AREA CODE
Geographic area code e-ru---
050 14 - LIBRARY OF CONGRESS CALL NUMBER
Classification number PG3056
Item number .K375 2013eb
082 04 - DEWEY DECIMAL CLASSIFICATION NUMBER
Classification number 891.71409
Edition number 23
100 1# - MAIN ENTRY--PERSONAL NAME
Personal name Karlinsky, Simon.
245 10 - TITLE STATEMENT
Title Freedom from violence and lies :
Remainder of title essays on Russian poetry and music /
Statement of responsibility, etc by Simon Karlinsky ; edited by Robert P. Hughes, Thomas A. Koster, Richard Taruskin.
264 #1 - PRODUCTION, PUBLICATION, DISTRIBUTION, MANUFACTURE, AND COPYRIGHT NOTICE
Place of production, publication, distribution, manufacture Brighton, Massachussetts :
Name of producer, publisher, distributor, manufacturer Academic Studies Press,
Date of production, publication, distribution, manufacture, or copyright notice 2013.
Date of production, publication, distribution, manufacture, or copyright notice �2013
300 ## - PHYSICAL DESCRIPTION
Extent 1 online resource (502 pages) :
Other physical details illustration, photograph.
336 ## - CONTENT TYPE
Content type term text
Source rdacontent
337 ## - MEDIA TYPE
Media type term computer
Source rdamedia
338 ## - CARRIER TYPE
Carrier type term online resource
Source rdacarrier
490 1# - SERIES STATEMENT
Series statement Ars Rossica
500 ## - GENERAL NOTE
General note Includes index.
505 0# - FORMATTED CONTENTS NOTE
Formatted contents note Pushkin and romanticism -- Modernism, its past, its legacy -- Poetry abroad -- On Chaikovsky -- On Stravinsky -- On Shostakovich -- Song and dance.
588 ## - SOURCE OF DESCRIPTION NOTE
Source of description note Description based on print version record.
590 ## - LOCAL NOTE (RLIN)
Local note Electronic reproduction. Palo Alto, Calif. : ebrary, 2013. Available via World Wide Web. Access may be limited to ebrary affiliated libraries.
600 10 - SUBJECT ADDED ENTRY--PERSONAL NAME
Personal name Pushkin, Aleksandr Sergeevich,
Dates associated with a name 1799-1837
General subdivision Influence.
Personal name Tchaikovsky, Peter Ilich,
Dates associated with a name 1840-1893.
Personal name Stravinsky, Igor,
Dates associated with a name 1882-1971.
Personal name Shostakovich, Dmitri�i Dmitrievich,
Dates associated with a name 1906-1975.
650 #0 - SUBJECT ADDED ENTRY--TOPICAL TERM
Topical term or geographic name as entry element Russian poetry
Chronological subdivision 20th century
General subdivision History and criticism.
Topical term or geographic name as entry element Modernism (Literature)
Geographic subdivision Russia.
Topical term or geographic name as entry element Music and literature.
655 #0 - INDEX TERM--GENRE/FORM
Genre/form data or focus term Electronic books.
700 1# - ADDED ENTRY--PERSONAL NAME
Personal name Hughes, Robert P.
Personal name Koster, Thomas A.
Personal name Taruskin, Richard.
776 08 - ADDITIONAL PHYSICAL FORM ENTRY
Display text Print version:
Main entry heading Karlinsky, Simon.
Title Freedom from violence and lies : essays on Russian poetry and music.
Place, publisher, and date of publication Brighton, Massachussetts : Academic Studies Press, c2013
Physical description 373 pages
Series data for related item Ars Rossika.
International Standard Book Number 9781618111586
Record control number 2013363608
797 2# - LOCAL ADDED ENTRY--CORPORATE NAME (RLIN)
Corporate name or jurisdiction name as entry element ebrary.
830 #0 - SERIES ADDED ENTRY--UNIFORM TITLE
Uniform title Ars Rossika.
856 40 - ELECTRONIC LOCATION AND ACCESS
Uniform Resource Identifier <a href="http://site.ebrary.com/lib/rucke/Doc?id=10761669">http://site.ebrary.com/lib/rucke/Doc?id=10761669</a>
Public note An electronic book accessible through the World Wide Web; click to view

No items available.

© 2026 Rongo University
Contact us: librarian | system librarian | Rongo university